Political ideologies, fourth edition : (Record no. 14757)

000 -LEADER
fixed length control field 01170nam a2200265 a 4500
001 - CONTROL NUMBER
control field ASIN0230521800
005 - DATE AND TIME OF LATEST TRANSACTION
control field 20170105102903.0
008 - FIXED-LENGTH DATA ELEMENTS--GENERAL INFORMATION
fixed length control field 131021s2007 xxu eng d
020 ## - INTERNATIONAL STANDARD BOOK NUMBER
International Standard Book Number 0230521800 (paperback)
Terms of availability $43.00
020 ## - INTERNATIONAL STANDARD BOOK NUMBER
International Standard Book Number 9780230521803 (paperback)
040 ## - CATALOGING SOURCE
Original cataloging agency 0
050 04 - LIBRARY OF CONGRESS CALL NUMBER
Classification number JA71
082 04 - DEWEY DECIMAL CLASSIFICATION NUMBER
Classification number 320.5
100 1# - MAIN ENTRY--PERSONAL NAME
Personal name Heywood, Andrew.
245 10 - TITLE STATEMENT
Title Political ideologies, fourth edition :
Remainder of title an introduction /
Statement of responsibility, etc. Andrew Heywood.
250 ## - EDITION STATEMENT
Edition statement 4th ed.
260 ## - PUBLICATION, DISTRIBUTION, ETC.
Place of publication, distribution, etc. [S.l.] :
Name of publisher, distributor, etc. Palgrave Macmillan,
Date of publication, distribution, etc. 2007.
300 ## - PHYSICAL DESCRIPTION
Extent 432 p. ;
Dimensions 24 cm.
520 ## - SUMMARY, ETC.
Summary, etc. This revised and updated fourth edition of the leading text on political ideologies contains a new chapter on multiculturalism, consideration of the changing nature of ideological discourse, including the transition from "traditional" to "new" ideologies, and coverage of the impact on the major ideolgoical traditions of developments such as globalization and the "war on terror".
650 #0 - SUBJECT ADDED ENTRY--TOPICAL TERM
Topical term or geographic name entry element Ideology
650 #0 - SUBJECT ADDED ENTRY--TOPICAL TERM
Topical term or geographic name entry element Political science
650 #0 - SUBJECT ADDED ENTRY--TOPICAL TERM
Topical term or geographic name entry element Right and left (Political science)
856 40 - ELECTRONIC LOCATION AND ACCESS
Materials specified Amazon.com
Uniform Resource Identifier <a href="http://www.amazon.com/exec/obidos/ASIN/0230521800/chopaconline-20">http://www.amazon.com/exec/obidos/ASIN/0230521800/chopaconline-20</a>
942 ## - ADDED ENTRY ELEMENTS (KOHA)
Source of classification or shelving scheme
Koha item type Book
Holdings
Withdrawn status Lost status Damaged status Not for loan Collection code Permanent Location Current Location Shelving location Date acquired Total Checkouts Full call number Barcode Date last seen Date last checked out Price effective from Koha item type
          Centre for International Peace & Stability (CIPS) Centre for International Peace & Stability (CIPS) General Stacks 09/10/2013 1 320.5 HEY 1992 CIPS0000978 07/01/2022 05/17/2022 10/21/2013 Book
© 2023 Central Library, National University of Sciences and Technology. All Rights Reserved.